| 000 | 00536nam a22001577a 4500 | ||
|---|---|---|---|
| 003 | macl | ||
| 005 | 20190412132506.0 | ||
| 008 | 190412b xxu||||| |||| 00| 0 eng d | ||
| 040 | _cmacl | ||
| 082 | _a800 | ||
| 100 |
_aतिवारी,विश्वनाथ प्रसाद _974283 |
||
| 245 | _aसाक्षात्कार और स्वीकृतियॉ | ||
| 260 |
_aदिल्ली _bविजया बुक्स _c2016 |
||
| 651 |
_aसाहित्य _974284 |
||
| 942 |
_2ddc _cHIN |
||
| 999 |
_c59363 _d59363 |
||